00942 a2200181 45000010006000000050017000060080041000230030015000640400040000790800083001192450033002020200022002352640032002573000019002895050414003080410008007221000030007306399020260521160828.0260521a1982 arg spa dAR-UNSa-BCEJYS aAR-UNSa-BCEJYSbspacAR-UNSa-BCEJYS a658.14xFinanciación. Financiación de las empresas. Obtención de capital10aPresupuestos con inflación a978-950-01-0919-2 1aBuenos Aires :bTesisc1982 a220 p.c22 cm. a1. conceptos introductorios – 2. Metodología – 3. Cronograma – 4. Instrucciones – 5. Logística del sistema presupuestario – 6. Los presupuestos operativos – 7. Presupuesto económico – 8. Presupuesto financiero – 9. Balance proyectado – 10. Presupuesto de inversiones – 11. Previsiones presupuestarias – 12. Control presupuestario – 13. Conclusiones – 14. Casos prácticos –  aspa1 aVinitzky, Guillermo Mario